Zapotlanejo en el Bicentenario /
García Remus publicó varios volúmenes referentes a diversas poblaciones de México con motivo del Bicentenario del inicio de la Guerra de Independencia (1810-2010). Las diferentes entregas constan de aproximadamente cien fotografías; textos con noticias históricas del lugar y notas de viaje, algunas...
Сохранить в:
| Главный автор: | |
|---|---|
| Другие авторы: | , , , , |
| Формат: | |
| Язык: | испанский |
| Опубликовано: |
Guadalajara, México :
Centro Gráfico,
2010, c2010
|
| Предметы: | |
| Метки: |
Нет меток, Требуется 1-ая метка записи!
|
MARC
| LEADER | 00000nam^a2200000^a^4500 | ||
|---|---|---|---|
| 001 | 000358444 | ||
| 005 | 20250521000000.0 | ||
| 009 | 20260310115329.329 | ||
| 037 | |a Acervo ITESO - Biblioteca | ||
| 041 | |a ESP | ||
| 082 | |a 770. 972 |b GAR BIC V. 4 | ||
| 100 | |a García Remus, Vicente |e (investigación) | ||
| 240 | 1 | 1 | |a [En el Bicentenario] |
| 245 | 1 | 0 | |a Zapotlanejo en el Bicentenario / |c Investigación de V. García Remus, M. Jáuregui Hermosillo, R. Alvarez Pérez ; fotografía de S. Alvarez Arana... [et al.] ; texto de B. Carlos Casas... [et al.] ; presen. de J.J. Jiménez Parra. |
| 264 | 4 | |a Guadalajara, México : |b Centro Gráfico, |c 2010, c2010 | |
| 300 | |a 80 p. | ||
| 336 | |a texto |b txt |2 rdacontenido | ||
| 337 | |a sin mediación |b n |2 rdamedio | ||
| 338 | |a volumen |b nc |2 rdasoporte | ||
| 520 | |a García Remus publicó varios volúmenes referentes a diversas poblaciones de México con motivo del Bicentenario del inicio de la Guerra de Independencia (1810-2010). Las diferentes entregas constan de aproximadamente cien fotografías; textos con noticias históricas del lugar y notas de viaje, algunas publicadas previamente en el diario El Informador, del propio García Remus. El presente volumen está dedicado a Zapotlanejo, Jalisco –donde se sitúa el Puente de Calderón, escenario de una de las batallas más relevantes de la Guerra de Independencia (1811)- y reúne imágenes acreditadas a Silviano Alvarez Arano, J.G.L.Z. Alvarez, el propio García Remus, Hugo Alvarez Perez y autores anónimos. | ||
| 545 | 0 | |a Vicente García Remus (Guadalajara, 1956), fotógrafo jalisciense. Estudió Mercadotecnia en el ITESO e impulsó, a mediados de la década de 1980, la creación de un centro artesanal en Tapalpa. Sierra Tapalpa: un fragmento de naturaleza (1986) es el inicio de su extensa bibliografía, que reúne libros totalmente visuales, pero también narraciones de viajes, descripciones de itinerarios turísticos y la recuperación iconográfica de otros fotógrafos, muchas veces anónimos. Jalisco ha sido uno de los ejes vertebrales de su producción, como muestran los volúmenes de Sierra de Manantlán (1988), Guadalajara: señorial y moderna (1989), Haciendas de Zapopan (1992), Los Colomos de antaño (1997), El sabor tapatío (1998), Bahía de Banderas (2000), Nevado y Volcán Colima (2000), El transporte tapatío (2001), Mascota (2003), Santiago de Tequila (2005), Tala (2006), Colonia Reforma (2007), Arenal (2008), Atemajac de Brizuela (2008), Sayula (2011), Tonila (2011), El Río Verde (2012), Cihuatlán (2013), Río Bolaños (2014), Acatic (2014) y Tecolotlán (2015), entre otros. Al margen de la geografía jalisciense aparecen títulos como La Habana y Varadero (2006), Ciudad de Guanajuato (2006), Manhattan (2010), Dolores Hidalgo en el Bicentenario (2010), Monterrey (2012), Polinesia francesa (2013) y San Miguel Allende (2014). Ha colaborado como columnista de viajes en el diario tapatío El Informador y expuesto en diversos espacios de la capital jalisciense, como el Museo de la Ciudad y el Instituto Cultural Cabañas. | |
| 649 | |a XX | ||
| 650 | |a Fotógrafos Jaliscienses | ||
| 650 | |a Fotógrafos Mexicanos | ||
| 650 | |a Artistas Jaliscienses | ||
| 650 | |a Artistas Mexicanos | ||
| 650 | |a Fotografía en Blanco y Negro - |z Zapotlanejo, Jalisco | ||
| 650 | |a Fotografía en Blanco y Negro - |z Jalisco | ||
| 650 | |a Fotografía en Blanco y Negro - |z México | ||
| 650 | |a Fotografía Jalisciense - |y Siglo XX | ||
| 650 | |a Fotografía Jalisciense - |y Siglo XXI | ||
| 650 | |a Fotografía Mexicana - |y Siglo XX | ||
| 650 | |a Fotografía Mexicana - |y Siglo XXI | ||
| 650 | |a Arte Jalisciense - |y Siglo XX | ||
| 650 | |a Arte Jalisciense - |y Siglo XXI | ||
| 650 | |a Arte Mexicano - |y Siglo XX | ||
| 650 | |a Arte Mexicano - |y Siglo XXI | ||
| 650 | |a Crónicas Jaliscienses | ||
| 650 | |a Crónicas Mexicanas | ||
| 650 | |a Libros de Viajes - |z Zapotlanejo, Jalisco | ||
| 650 | |a Libros de Viajes Jaliscienses | ||
| 650 | |a Libros de Viajes Mexicanos | ||
| 650 | |a Viajes y Travesías - |z Zapotlanejo, Jalisco - |x Tema Principal | ||
| 650 | |a Zapotlanejo, Jalisco - |x Fotografías - |x Tema Principal | ||
| 650 | |a Zapotlanejo, Jalisco - |x Descripción | ||
| 650 | |a Zapotlanejo, Jalisco - |x Historia | ||
| 650 | |a Jalisco - |x Fotografías | ||
| 650 | |a Jalisco - |x Descripción | ||
| 650 | |a Jalisco - |x Historia | ||
| 650 | |a México - |x Fotografías | ||
| 650 | |a México - |x Descripción | ||
| 650 | |a México - |x Historia | ||
| 650 | |a García Remus, Vicente | ||
| 700 | |a Jáuregui Hermosillo, Manuel |e (investigación) | ||
| 700 | |a Alvarez Pérez, Rigoberto |e (investigación) | ||
| 700 | |a Alvarez Arana, Silviano |e (fotógrafo) | ||
| 700 | |a Carlos Casas, Bernardo |e (texto) | ||
| 700 | |a Jiménez Parra, Juan José |e (presentación) | ||
| 910 | |a Fondo General | ||
| 920 | |a Impresos - Libros | ||
| 930 | |a Reserva Especial | ||
| 905 | |a 103 | ||
| 901 | |a 0500251428 |b IT1 |c REE |i C145591 |u 20250521 | ||
| 902 | |a https://opac.biblio.iteso.mx/vufind/Record/000358444 | ||